000 00438nam a2200169 a 4500
001 0000-9235
003 ELIB.Books
008 110520 1961
035 _a(ELIB.Books)0000-9387
082 _aR
_bWeb
100 _aWebster, Merriam
245 _aWebster's New Collegiate Dictionary
260 _bSpringfield: G. and C. Merriam Co.
_c1961
650 _aReference
942 _2ddc
_cBK
998 _cbat
_e2011-05-20
999 _c9235
_d9235